Pokémon de A à Z - #3 - Statistiques

Statistiques générales
  • Ce quiz a été pris 166 fois
  • Le résultat moyen est 7 sur 26
Statistiques - réponses
Description Réponse % Correct
J Pokémon de type Combat de la 5ème génération Judokrak
80%
D Pokémon de type Dragon/Normal de la 7ème génération, s'inspirant du Zhulong, un dragon chinois au visage de grand-père Draïeul
73%
O Pokémon de type Électrik de la 5ème génération, inspiré d'une lamproie Ohmassacre
68%
W Pokémon de type Électrik de la 8ème génération, inspiré d'un oursin Wattapik
68%
P Objet qui, s'il est tenu par un Rhinoféros, lui permet d'évoluer après avoir été échangé Protecteur
43%
C Premier membre du Conseil 4 du Plateau Indigo dans Pokémon Or & Argent et leurs remakes Clément
42%
I Capacité de type Psy, qui permet au lanceur de copier le talent de la cible Imitation
41%
U Champion de type Glace de l'arène d'Auffrac-les-Congères à Kalos, son nom référence une île russe disputée par le Japon Urup
38%
Z Objet qui permet d'augmenter la statistique de Défense Spéciale d'un Pokémon Zinc
38%
A Capacité de type Normal, qui invoque une capacité aléatoire connue par un autre Pokémon de l'équipe Assistance
35%
G Grotte d'Hoenn, proche du village de Myokara, dont les murs sont recouverts de peintures rupestres Grotte Granite
28%
Y Capacité de type Combat, qui était en 5ème génération exclusive au Pokémon qui est la réponse au J de ce quiz Yama Arashi
28%
X Scientifique de la Team Flare de Pokémon X & Y Xanthin
23%
N Capacité de type Glace, exclusive à Roigada, avec laquelle il fait tomber la neige et laisse sa place à un autre membre de l'équipe Neigeux de Mots
20%
K Capacité de type Poison, exclusive à Flagadoss de Galar. Elle change de catégorie (physique ou spéciale) selon ce qui infligera le plus de dégâts au Pokémon adverse Kokiyarme
19%
M Ferry conçu au chantier naval d'Hoenn, qui fait la liaison entre Poivressel et Nénucrique (Le) Marina
15%
L Un des 7 sages de la Team Plasma dans Pokémon Noir & Blanc, et le seul à rester aux côtés de Ghetis quand il la reforme dans Pokémon Noir 2 & Blanc 2 Lilien
15%
S Attaque Z signature d'Oratoria, le starter de type Eau d'Alola Symphonie des Ondines
13%
V Objet rare permettant de faire Hoopa de sa forme Enchaînée à sa forme Déchaînée Vase Scellé
13%
E Meneur du Palace de Combat, dans la Zone de Combat de Pokémon Émeraude. Il offre le symbole Esprit aux dresseurs qui arrivent à le vaincre Esteban
12%
F Pokémon le moins aimé de la franchise, selon un vote de popularité organisé en 2016 au Japon et ayant réuni plus de 500 000 votants Flamoutan
11%
R Comédien belge qui prête sa voix à Sacha dans l'anime depuis 1999 (Aurélien) Ringelheim
3%
B Ville la plus au nord de Fiore, région dans laquelle se déroule le jeu Pokémon Ranger Bourg-l'Hiver
3%
H Plante que le joueur peut ramasser dans Légendes Pokémon : Arceus qui sert à confectionner de puissants objets tels que des Max Élixirs et des Rappels Max Herbe Souveraine
3%
T Artiste britannique, designer de nombreuses créatures et directeur artistique de Pokémon Épée & Bouclier (James) Turner
3%
Q Un des cinq quais de Volucité où se trouve l'entrée des Égouts dans Pokémon Noir 2 & Blanc 2 Quai Skœucet
1%
Aucun quiz correspondant
Distribution des résultats
% des personnes avec chaque résultat
Percentile par nombre de réponses
Votre historique - résultats
Vous n’avez pas pris ce quiz